Taylor Swift songs by letter - I - Statistics

General Stats
  • This quiz has been taken 44 times
  • The average score is 17 of 26
Answer Stats
Answer % Correct
Invisible
83%
I Can See You
79%
I'm Only Me When I'm With You
79%
I Bet You Think About Me
75%
invisible string
75%
I Think He Knows
75%
I Almost Do
71%
I Did Something Bad
71%
Innocent
71%
I Can Do It With A Broken Heart
67%
I Forgot That You Existed
67%
I Knew You Were Trouble
67%
illicit affairs
67%
It's Nice To Have A Friend
67%
I Don't Wanna Live Forever
63%
I Know Places
63%
I Look In People's Windows
63%
ivy
63%
If This Was A Movie
58%
I Wish You Would
58%
I Can Fix Him (No Really I Can)
54%
it's time to go
54%
I Hate It Here
50%
I Heart ?
50%
imgonnagetyouback
50%
Is It Over Now?
50%
No matching quizzes found
Score Distribution
Percent of People with Each Score
Percentile by Number Answered
Your Score History
You have not taken this quiz